[Event "DVM U20 2018"]
[Site "Osnabrück GER"]
[Date "2018.12.29"]
[Round "6"]
[White "Korten, Lando"]
[Black "Beeck, Mats"]
[Result "1/2-1/2"]
[Termination "normal"]
[Board "3.2"]
[WhiteElo "2100"]
[BlackElo "2126"]
[WhiteClock "00:27:47"]
[BlackClock "00:17:14"]
[WhiteTeam "SF Brackel"]
[BlackTeam "SK Doppelbauer Kiel"]
[PlyCount "95"]
[WhiteFideId "12989606"]
[BlackFideId "12936944"]
[EventCountry "GER"]
[EventRounds "7"]
[EventType "team-swiss"]
[EventDate "2018.12.26"]

1. d4 {[%clk 1:30:58]} Nf6 {[%clk 1:30:50]} 2. c4 {[%clk 1:31:20]} c5 {[%clk
1:30:41]} 3. d5 {[%clk 1:31:46]} b5 {[%clk 1:31:06]} 4. Qc2 {[%clk 1:32:14]}
bxc4 {[%clk 1:28:36]} 5. e4 {[%clk 1:31:31]} d6 {[%clk 1:28:59]} 6. Bxc4 {[%clk
1:31:57]} g6 {[%clk 1:28:34]} 7. Nc3 {[%clk 1:31:18]} Bg7 {[%clk 1:28:41]} 8.
Bg5 {[%clk 1:28:11]} O-O {[%clk 1:26:44]} 9. Nf3 {[%clk 1:28:23]} Ba6 {[%clk
1:24:48]} 10. Nd2 {[%clk 1:28:40]} Nfd7 {[%clk 1:04:40]} 11. O-O {[%clk
1:23:01]} Nb6 {[%clk 0:54:00]} 12. b3 {[%clk 1:20:20]} Nxc4 {[%clk 0:46:57]}
13. bxc4 {[%clk 1:15:34]} h6 {[%clk 0:19:52]} 14. Bh4 {[%clk 1:14:26]} Nd7
{[%clk 0:19:36]} 15. Rab1 {[%clk 1:13:47]} Qa5 {[%clk 0:17:08]} 16. Nb5 {[%clk
1:13:03]} g5 {[%clk 0:16:52]} 17. Bg3 {[%clk 1:12:05]} Bxb5 {[%clk 0:16:08]}
18. Rxb5 {[%clk 1:10:42]} Qc3 {[%clk 0:14:33]} 19. Qxc3 {[%clk 1:07:40]} Bxc3
{[%clk 0:15:00]} 20. Nf3 {[%clk 1:08:06]} Rab8 {[%clk 0:14:58]} 21. Rfb1 {[%clk
1:07:37]} a6 {[%clk 0:14:36]} 22. Rxb8 {[%clk 1:05:47]} Rxb8 {[%clk 0:14:21]}
23. Rxb8+ {[%clk 1:06:13]} Nxb8 {[%clk 0:14:47]} 24. e5 {[%clk 1:06:05]} dxe5
{[%clk 0:15:08]} 25. Bxe5 {[%clk 1:03:29]} Bxe5 {[%clk 0:15:31]} 26. Nxe5
{[%clk 1:03:56]} Kf8 {[%clk 0:15:36]} 27. Kf1 {[%clk 1:01:21]} f6 28. Nd3
{[%clk 0:55:37]} Nd7 {[%clk 0:15:37]} 29. f4 {[%clk 0:55:30]} Nb6 {[%clk
0:08:37]} 30. fxg5 {[%clk 0:54:03]} hxg5 {[%clk 0:08:13]} 31. Nxc5 {[%clk
0:52:39]} a5 {[%clk 0:07:46]} 32. Ke2 {[%clk 0:49:53]} Nxc4 {[%clk 0:07:53]}
33. Kd3 {[%clk 0:48:49]} Nd6 {[%clk 0:03:43]} 34. a4 {[%clk 0:48:14]} Ke8
{[%clk 0:03:00]} 35. h3 {[%clk 0:45:18]} Kd8 {[%clk 0:02:25]} 36. Nb3 {[%clk
0:44:56]} Nb7 {[%clk 0:01:13]} 37. Kc4 {[%clk 0:44:20]} Kc7 {[%clk 0:01:27]}
38. Nd4 {[%clk 0:29:26]} Nd6+ {[%clk 0:01:18]} 39. Kc5 {[%clk 0:29:09]} Ne4+
{[%clk 0:01:39]} 40. Kb5 {[%clk 0:27:24]} Nc3+ {[%clk 0:01:49]} 41. Kxa5 {[%clk
0:27:48]} Nxd5 {[%clk 0:02:08]} 42. Kb5 {[%clk 0:26:48]} Nf4 {[%clk 0:25:05]}
43. a5 e5 {[%clk 0:25:04]} 44. Nf5 {[%clk 0:53:02]} Nxg2 {[%clk 0:24:08]} 45.
a6 {[%clk 0:49:37]} Nf4 {[%clk 0:19:05]} 46. h4 {[%clk 0:34:20]} gxh4 {[%clk
0:19:02]} 47. Nxh4 {[%clk 0:34:41]} Ne6 {[%clk 0:17:14]} 48. Nf5 {[%clk
0:27:47]} 1/2-1/2

[Event "DVM U20 2018"]
[Site "Osnabrück GER"]
[Date "2018.12.29"]
[Round "6"]
[White "Arndt, Magnus"]
[Black "Stemmler, Fabian"]
[Result "0-1"]
[Termination "normal"]
[Board "3.3"]
[WhiteElo "2167"]
[BlackElo "1972"]
[WhiteClock "00:30:24"]
[BlackClock "00:29:09"]
[WhiteTeam "SK Doppelbauer Kiel"]
[BlackTeam "SF Brackel"]
[PlyCount "102"]
[WhiteFideId "12998656"]
[BlackFideId "12964808"]
[EventCountry "GER"]
[EventRounds "7"]
[EventType "team-swiss"]
[EventDate "2018.12.26"]

1. d4 {[%clk 1:30:58]} d5 {[%clk 1:30:52]} 2. Bf4 {[%clk 1:31:21]} Nf6 {[%clk
1:31:08]} 3. e3 {[%clk 1:31:45]} e6 {[%clk 1:31:02]} 4. Nf3 {[%clk 1:31:42]} c5
{[%clk 1:31:25]} 5. c3 {[%clk 1:32:07]} Nc6 {[%clk 1:31:51]} 6. Nbd2 {[%clk
1:32:31]} cxd4 {[%clk 1:32:14]} 7. exd4 {[%clk 1:32:54]} Nh5 {[%clk 1:32:39]}
8. Bg5 {[%clk 1:30:07]} f6 {[%clk 1:33:03]} 9. Be3 {[%clk 1:22:03]} Bd6 {[%clk
1:30:02]} 10. Bd3 {[%clk 1:07:09]} Nf4 {[%clk 1:29:32]} 11. Bxf4 {[%clk
1:07:32]} Bxf4 {[%clk 1:29:57]} 12. Qc2 {[%clk 1:07:30]} g6 13. O-O-O {[%clk
0:48:17]} Qe7 {[%clk 1:12:36]} 14. Rhe1 {[%clk 0:30:09]} Bd7 {[%clk 1:09:31]}
15. g3 {[%clk 0:27:13]} Bh6 {[%clk 1:07:01]} 16. Nh4 {[%clk 0:26:31]} O-O
{[%clk 0:56:17]} 17. Kb1 {[%clk 0:15:05]} Rfc8 {[%clk 0:50:57]} 18. Qb3 {[%clk
0:11:05]} Rab8 {[%clk 0:46:21]} 19. f4 {[%clk 0:10:19]} Qf7 {[%clk 0:42:12]}
20. a4 {[%clk 0:05:14]} a6 {[%clk 0:38:35]} 21. Qa3 {[%clk 0:05:04]} Bf8 {[%clk
0:37:15]} 22. Qa2 Na5 {[%clk 0:24:22]} 23. Rc1 {[%clk 0:03:37]} b5 {[%clk
0:16:25]} 24. axb5 {[%clk 0:03:31]} Bxb5 {[%clk 0:16:20]} 25. Bxb5 {[%clk
0:03:22]} Rxb5 26. Ka1 {[%clk 0:03:09]} Nc6 {[%clk 0:14:01]} 27. Nb1 {[%clk
0:01:59]} Rcb8 {[%clk 0:12:45]} 28. b4 {[%clk 0:01:02]} Nxb4 {[%clk 0:03:53]}
29. cxb4 {[%clk 0:01:23]} Bxb4 {[%clk 0:04:19]} 30. Re3 {[%clk 0:01:29]} Qe7
{[%clk 0:03:46]} 31. Na3 {[%clk 0:01:13]} Ra5 {[%clk 0:02:21]} 32. Rb1 {[%clk
0:01:36]} Rc8 {[%clk 0:02:18]} 33. Rbb3 {[%clk 0:01:59]} Rc1+ {[%clk 0:01:33]}
34. Kb2 {[%clk 0:02:25]} Rf1 {[%clk 0:01:03]} 35. Re2 {[%clk 0:02:48]} Rxa3
{[%clk 0:01:00]} 36. Rxa3 {[%clk 0:01:38]} Bxa3+ {[%clk 0:01:27]} 37. Qxa3
{[%clk 0:01:58]} Rb1+ {[%clk 0:01:53]} 38. Kxb1 {[%clk 0:02:25]} Qxa3 {[%clk
0:02:16]} 39. Rxe6 {[%clk 0:01:43]} Qd3+ {[%clk 0:02:10]} 40. Kc1 {[%clk
0:01:25]} Kf7 {[%clk 0:01:53]} 41. Re1 {[%clk 0:29:13]} Qc3+ {[%clk 0:31:38]}
42. Kd1 {[%clk 0:29:36]} Qxd4+ {[%clk 0:31:58]} 43. Ke2 {[%clk 0:29:17]} Qb2+
{[%clk 0:32:19]} 44. Kf3 {[%clk 0:29:41]} Qxh2 {[%clk 0:30:24]} 45. Ng2 {[%clk
0:30:06]} Qh5+ {[%clk 0:30:37]} 46. Kf2 {[%clk 0:30:32]} d4 {[%clk 0:30:32]}
47. Re2 {[%clk 0:30:36]} Qc5 {[%clk 0:30:16]} 48. Rd2 {[%clk 0:30:09]} Qc3
{[%clk 0:30:19]} 49. Ra2 {[%clk 0:30:34]} d3 {[%clk 0:29:18]} 50. Ne3 {[%clk
0:30:07]} d2 {[%clk 0:28:58]} 51. Rxa6 {[%clk 0:30:24]} Qxe3+ {[%clk 0:29:09]}
0-1

[Event "DVM U20 2018"]
[Site "Osnabrück GER"]
[Date "2018.12.29"]
[Round "6"]
[White "Gerlach, Felix"]
[Black "Wanner, Lukas"]
[Result "0-1"]
[Termination "normal"]
[Board "3.4"]
[WhiteElo "2050"]
[BlackElo "2037"]
[WhiteClock "00:00:40"]
[BlackClock "00:01:37"]
[WhiteTeam "SF Brackel"]
[BlackTeam "SK Doppelbauer Kiel"]
[PlyCount "200"]
[WhiteFideId "12957690"]
[BlackFideId "12918148"]
[EventCountry "GER"]
[EventRounds "7"]
[EventType "team-swiss"]
[EventDate "2018.12.26"]

1. e4 {[%clk 1:30:59]} c5 {[%clk 1:30:30]} 2. Nf3 {[%clk 1:31:24]} d6 {[%clk
1:29:31]} 3. d4 {[%clk 1:31:46]} cxd4 {[%clk 1:29:57]} 4. Nxd4 {[%clk 1:32:10]}
Nf6 {[%clk 1:30:13]} 5. Nc3 {[%clk 1:32:36]} g6 {[%clk 1:30:25]} 6. Be3 {[%clk
1:33:00]} Bg7 {[%clk 1:30:40]} 7. f3 {[%clk 1:33:25]} O-O {[%clk 1:30:55]} 8.
Qd2 {[%clk 1:33:49]} Nc6 {[%clk 1:31:09]} 9. Bc4 {[%clk 1:32:40]} Bd7 {[%clk
1:31:23]} 10. O-O-O {[%clk 1:33:04]} Rc8 {[%clk 1:31:39]} 11. Bb3 {[%clk
1:33:28]} Ne5 {[%clk 1:31:48]} 12. Kb1 {[%clk 1:33:52]} Nc4 {[%clk 1:32:01]}
13. Bxc4 {[%clk 1:34:15]} Rxc4 {[%clk 1:32:26]} 14. g4 {[%clk 1:34:36]} b5
{[%clk 1:28:36]} 15. b3 {[%clk 1:33:59]} b4 {[%clk 1:28:07]} 16. bxc4 {[%clk
1:34:00]} bxc3 {[%clk 1:28:31]} 17. Qxc3 {[%clk 1:34:20]} Qc7 {[%clk 1:27:39]}
18. h4 {[%clk 1:31:42]} h5 {[%clk 1:14:45]} 19. g5 {[%clk 1:27:36]} Nh7 {[%clk
1:14:26]} 20. Qd2 {[%clk 1:20:29]} Qxc4 {[%clk 1:13:45]} 21. Nb3 {[%clk
1:20:39]} Rc8 {[%clk 1:07:52]} 22. Rh2 {[%clk 1:20:25]} Nf8 {[%clk 1:06:12]}
23. Bd4 {[%clk 1:19:32]} Ne6 {[%clk 1:06:04]} 24. Bxg7 {[%clk 1:19:39]} Kxg7
{[%clk 1:06:25]} 25. Re1 Kh7 {[%clk 0:47:02]} 26. f4 {[%clk 1:14:23]} Nc7
{[%clk 0:38:36]} 27. Re3 {[%clk 1:09:57]} Nb5 {[%clk 0:37:10]} 28. Kb2 {[%clk
1:07:17]} Be6 {[%clk 0:28:18]} 29. Rf2 {[%clk 1:03:06]} Qa4 {[%clk 0:24:15]}
30. f5 {[%clk 1:02:46]} Na3 {[%clk 0:24:02]} 31. Qd4 {[%clk 0:50:00]} Qxd4+
{[%clk 0:16:52]} 32. Nxd4 {[%clk 0:49:10]} Nc4+ {[%clk 0:17:14]} 33. Kb1 {[%clk
0:36:51]} Nxe3 {[%clk 0:17:13]} 34. fxe6 {[%clk 0:37:10]} fxe6 {[%clk 0:14:42]}
35. Rf7+ {[%clk 0:35:36]} Kg8 {[%clk 0:13:27]} 36. Rxe7 {[%clk 0:35:42]} Rc4
{[%clk 0:13:14]} 37. Nxe6 {[%clk 0:33:23]} Rxe4 {[%clk 0:11:23]} 38. Rg7+
{[%clk 0:33:37]} Kh8 {[%clk 0:11:48]} 39. Rxg6 {[%clk 0:34:00]} Rxh4 40. Rh6+
{[%clk 0:10:47]} Kg8 {[%clk 0:11:26]} 41. g6 {[%clk 0:10:08]} Nc4 {[%clk
0:17:48]} 42. c3 {[%clk 0:31:10]} Ne5 {[%clk 0:17:43]} 43. g7 {[%clk 0:30:50]}
Nf7 {[%clk 0:18:00]} 44. Rf6 {[%clk 0:28:59]} Rg4 {[%clk 0:17:14]} 45. Rf3
{[%clk 0:15:39]} Rg6 {[%clk 0:11:56]} 46. Re3 {[%clk 0:12:50]} h4 {[%clk
0:11:12]} 47. Nf4 {[%clk 0:08:33]} Rxg7 {[%clk 0:10:48]} 48. Rh3 {[%clk
0:06:59]} Rg4 {[%clk 0:09:52]} 49. Nd5 {[%clk 0:06:47]} Ng5 {[%clk 0:08:03]}
50. Rh1 {[%clk 0:06:49]} Kf7 {[%clk 0:07:59]} 51. Ne3 {[%clk 0:06:33]} Rg3
{[%clk 0:06:09]} 52. Nf5 {[%clk 0:06:50]} Rxc3 {[%clk 0:06:22]} 53. Rxh4 {[%clk
0:06:26]} Ke6 {[%clk 0:06:30]} 54. Nd4+ {[%clk 0:06:40]} Kd5 {[%clk 0:05:16]}
55. Rh5 {[%clk 0:06:21]} Kxd4 {[%clk 0:05:29]} 56. Rxg5 {[%clk 0:06:41]} Rc5
{[%clk 0:05:08]} 57. Rg4+ {[%clk 0:06:58]} Kd5 {[%clk 0:05:09]} 58. Kb2 {[%clk
0:07:13]} Rc4 {[%clk 0:04:57]} 59. Rg5+ {[%clk 0:07:32]} Kc6 {[%clk 0:05:22]}
60. Ra5 {[%clk 0:07:26]} Kb6 {[%clk 0:04:55]} 61. Rd5 {[%clk 0:07:37]} Rc6
{[%clk 0:05:10]} 62. Kb3 {[%clk 0:07:42]} Kc7 {[%clk 0:05:24]} 63. Ra5 {[%clk
0:07:37]} a6 {[%clk 0:05:48]} 64. Rh5 {[%clk 0:07:05]} Kb6 {[%clk 0:05:55]} 65.
Rd5 {[%clk 0:06:53]} Kc7 {[%clk 0:06:14]} 66. Rh5 {[%clk 0:07:17]} Rc5 {[%clk
0:06:22]} 67. Rh7+ {[%clk 0:07:28]} Kb6 {[%clk 0:06:42]} 68. Rh6 {[%clk
0:06:53]} Rd5 {[%clk 0:07:08]} 69. Rh8 {[%clk 0:06:47]} a5 {[%clk 0:06:46]} 70.
Rb8+ {[%clk 0:05:32]} Kc5 {[%clk 0:06:47]} 71. Rc8+ {[%clk 0:05:18]} Kd4 {[%clk
0:06:38]} 72. Rh8 {[%clk 0:05:27]} Re5 {[%clk 0:06:49]} 73. Rh4+ {[%clk
0:05:35]} Re4 {[%clk 0:06:52]} 74. Rh5 {[%clk 0:06:01]} Re5 {[%clk 0:03:51]}
75. Rh4+ {[%clk 0:06:19]} Kc5 {[%clk 0:04:11]} 76. Rc4+ {[%clk 0:06:11]} Kb5
{[%clk 0:04:31]} 77. Rd4 {[%clk 0:06:22]} d5 {[%clk 0:04:39]} 78. Rh4 {[%clk
0:06:24]} a4+ {[%clk 0:04:10]} 79. Kc2 Re2+ {[%clk 0:03:27]} 80. Kb1 {[%clk
0:06:24]} a3 {[%clk 0:02:38]} 81. Rh3 {[%clk 0:06:35]} Ka4 {[%clk 0:01:45]} 82.
Rd3 {[%clk 0:06:47]} Rb2+ {[%clk 0:00:56]} 83. Ka1 {[%clk 0:06:20]} Rc2 {[%clk
0:01:04]} 84. Kb1 {[%clk 0:06:38]} Rc5 {[%clk 0:01:24]} 85. Rd4+ {[%clk
0:06:35]} Kb5 {[%clk 0:01:46]} 86. Rd3 {[%clk 0:06:36]} Kb4 {[%clk 0:01:50]}
87. Rd4+ {[%clk 0:06:26]} Kc3 {[%clk 0:01:12]} 88. Ra4 {[%clk 0:06:40]} d4
{[%clk 0:01:11]} 89. Rxa3+ {[%clk 0:07:04]} Kd2 {[%clk 0:01:24]} 90. Rb3 {[%clk
0:05:59]} d3 {[%clk 0:01:43]} 91. Rb8 {[%clk 0:06:07]} Ke1 {[%clk 0:01:13]} 92.
Re8+ {[%clk 0:06:27]} Kd1 {[%clk 0:01:39]} 93. Kb2 {[%clk 0:02:30]} d2 {[%clk
0:01:45]} 94. Rh8 {[%clk 0:02:20]} Rb5+ {[%clk 0:00:46]} 95. Ka3 {[%clk
0:01:38]} Kc1 96. Rc8+ {[%clk 0:01:58]} Kb1 {[%clk 0:00:34]} 97. Rd8 {[%clk
0:02:10]} Rb2 {[%clk 0:00:37]} 98. Rd7 {[%clk 0:01:47]} Rxa2+ {[%clk 0:00:53]}
99. Kb3 {[%clk 0:02:02]} Rc2 {[%clk 0:01:18]} 100. Rd8 {[%clk 0:00:40]} Kc1
{[%clk 0:01:37]} 0-1

[Event "DVM U20 2018"]
[Site "Osnabrück GER"]
[Date "2018.12.29"]
[Round "6"]
[White "Rieper, Julian"]
[Black "Wastian, Jan"]
[Result "1-0"]
[Termination "normal"]
[Board "3.5"]
[WhiteElo "2058"]
[BlackElo "1924"]
[WhiteClock "00:15:41"]
[BlackClock "00:04:19"]
[WhiteTeam "SK Doppelbauer Kiel"]
[BlackTeam "SF Brackel"]
[PlyCount "77"]
[WhiteFideId "12936960"]
[BlackFideId "12911640"]
[EventCountry "GER"]
[EventRounds "7"]
[EventType "team-swiss"]
[EventDate "2018.12.26"]

1. e4 {[%clk 1:30:55]} c6 {[%clk 1:30:39]} 2. d4 {[%clk 1:31:06]} d5 {[%clk
1:31:02]} 3. e5 Bf5 {[%clk 1:31:13]} 4. Nf3 {[%clk 1:31:55]} e6 {[%clk
1:31:27]} 5. Be2 {[%clk 1:32:00]} c5 {[%clk 1:14:45]} 6. c4 {[%clk 1:29:15]}
Ne7 7. Nbd2 {[%clk 1:23:29]} cxd4 {[%clk 1:09:32]} 8. Nxd4 {[%clk 1:22:08]}
Nbc6 {[%clk 1:07:21]} 9. N2f3 {[%clk 1:19:36]} Bg6 10. O-O {[%clk 1:14:44]} Nf5
{[%clk 0:50:13]} 11. Qa4 {[%clk 1:07:11]} Nfxd4 {[%clk 0:43:51]} 12. Nxd4
{[%clk 1:06:18]} Qd7 {[%clk 0:37:48]} 13. cxd5 {[%clk 1:02:23]} exd5 {[%clk
0:35:03]} 14. Bb5 {[%clk 1:01:17]} Rc8 15. Re1 {[%clk 1:00:04]} Bc5 {[%clk
0:30:06]} 16. Bxc6 {[%clk 0:57:51]} bxc6 {[%clk 0:30:27]} 17. e6 {[%clk
0:57:50]} Qd6 {[%clk 0:28:33]} 18. exf7+ {[%clk 0:56:03]} Kxf7 {[%clk 0:28:01]}
19. Ne6 {[%clk 0:54:57]} Bb6 {[%clk 0:24:55]} 20. Qg4 {[%clk 0:52:15]} Rhe8
{[%clk 0:22:02]} 21. Bf4 {[%clk 0:46:43]} Qb4 {[%clk 0:21:28]} 22. Re2 Kg8
{[%clk 0:19:05]} 23. h4 {[%clk 0:45:18]} Qe7 {[%clk 0:15:38]} 24. Re5 {[%clk
0:39:54]} Qf6 {[%clk 0:14:47]} 25. Rae1 {[%clk 0:37:08]} Bf7 {[%clk 0:13:17]}
26. h5 {[%clk 0:29:46]} Bxe6 {[%clk 0:11:30]} 27. Rxe6 {[%clk 0:29:28]} Rxe6
{[%clk 0:11:47]} 28. Rxe6 {[%clk 0:29:01]} Qf7 29. h6 {[%clk 0:20:03]} g6
{[%clk 0:09:24]} 30. Rxg6+ {[%clk 0:19:12]} Qxg6 {[%clk 0:07:49]} 31. Qxc8+
{[%clk 0:19:35]} Kf7 {[%clk 0:08:08]} 32. Qd7+ {[%clk 0:19:16]} Kg8 {[%clk
0:08:04]} 33. g3 d4 {[%clk 0:06:19]} 34. Bd6 {[%clk 0:14:45]} d3 {[%clk
0:03:20]} 35. Qc8+ {[%clk 0:14:09]} Kf7 {[%clk 0:03:45]} 36. Qf8+ {[%clk
0:14:33]} Ke6 {[%clk 0:04:12]} 37. Qe7+ {[%clk 0:14:54]} Kf5 {[%clk 0:04:13]}
38. Qe5+ {[%clk 0:15:16]} Kg4 {[%clk 0:04:19]} 39. Qf4+ {[%clk 0:15:41]} 1-0

[Event "DVM U20 2018"]
[Site "Osnabrück GER"]
[Date "2018.12.29"]
[Round "6"]
[White "Elier, Ali"]
[Black "Karlisch, Moritz"]
[Result "0-1"]
[Termination "normal"]
[Board "3.6"]
[WhiteElo "1989"]
[BlackElo "1864"]
[WhiteClock "00:52:16"]
[BlackClock "00:24:14"]
[WhiteTeam "SF Brackel"]
[BlackTeam "SK Doppelbauer Kiel"]
[PlyCount "90"]
[WhiteFideId "16217543"]
[BlackFideId "12964859"]
[EventCountry "GER"]
[EventRounds "7"]
[EventType "team-swiss"]
[EventDate "2018.12.26"]

1. e4 {[%clk 1:30:59]} e6 {[%clk 1:30:54]} 2. d4 {[%clk 1:31:25]} d5 {[%clk
1:31:20]} 3. Nd2 {[%clk 1:31:44]} Nf6 {[%clk 1:31:47]} 4. e5 {[%clk 1:32:10]}
Nfd7 {[%clk 1:32:10]} 5. f4 {[%clk 1:32:36]} c5 {[%clk 1:32:36]} 6. c3 {[%clk
1:33:03]} Nc6 {[%clk 1:33:00]} 7. Ndf3 {[%clk 1:33:27]} Qb6 {[%clk 1:32:57]} 8.
g3 {[%clk 1:33:51]} cxd4 {[%clk 1:32:22]} 9. cxd4 {[%clk 1:34:13]} Bb4+ {[%clk
1:32:24]} 10. Kf2 {[%clk 1:34:37]} g5 {[%clk 1:31:55]} 11. fxg5 {[%clk
1:35:01]} Ndxe5 {[%clk 1:32:17]} 12. Nxe5 {[%clk 1:35:24]} Nxe5 {[%clk
1:32:35]} 13. Kg2 {[%clk 1:35:50]} Nc6 {[%clk 1:32:23]} 14. Nf3 {[%clk
1:36:16]} Bf8 {[%clk 1:30:09]} 15. Bd3 {[%clk 1:33:07]} Bg7 {[%clk 1:28:59]}
16. b4 {[%clk 1:32:40]} Bd7 {[%clk 1:22:51]} 17. b5 {[%clk 1:30:13]} Na5 {[%clk
1:14:52]} 18. Bf4 {[%clk 1:27:48]} Bxd4 {[%clk 1:07:05]} 19. Rc1 Bc5 {[%clk
0:48:44]} 20. Be5 {[%clk 1:24:51]} Rf8 {[%clk 0:47:57]} 21. Bxh7 {[%clk
1:24:21]} Nc4 {[%clk 0:46:50]} 22. Rxc4 {[%clk 1:20:35]} dxc4 {[%clk 0:46:42]}
23. Bf6 {[%clk 1:19:46]} Be7 {[%clk 0:43:14]} 24. Bg7 {[%clk 1:07:50]} O-O-O
25. Bxf8 {[%clk 1:07:41]} Bxf8 {[%clk 0:42:24]} 26. Qa1 Bxb5 27. Be4 {[%clk
1:05:19]} Bc6 {[%clk 0:37:46]} 28. Bxc6 {[%clk 1:02:54]} Qxc6 {[%clk 0:38:13]}
29. Rf1 {[%clk 1:01:28]} Rd2+ {[%clk 0:36:52]} 30. Kh1 {[%clk 1:01:21]} c3
{[%clk 0:34:00]} 31. h4 {[%clk 1:00:55]} Rd3 {[%clk 0:32:47]} 32. Kg2 {[%clk
0:59:54]} Rxf3 {[%clk 0:30:16]} 33. Rxf3 {[%clk 0:59:17]} c2 {[%clk 0:30:28]}
34. Qc1 {[%clk 0:59:23]} Ba3 {[%clk 0:30:38]} 35. Qxa3 {[%clk 0:59:46]} c1=Q
{[%clk 0:30:57]} 36. Qxc1 {[%clk 0:57:49]} Qxc1 {[%clk 0:31:24]} 37. Rxf7
{[%clk 0:58:11]} e5 {[%clk 0:30:34]} 38. Kh3 {[%clk 0:57:33]} Kd8 39. g6 {[%clk
0:54:51]} Qc8+ {[%clk 0:25:52]} 40. g4 {[%clk 0:53:12]} Qc3+ {[%clk 0:26:02]}
41. Kg2 {[%clk 0:53:25]} Qc2+ {[%clk 0:26:22]} 42. Kg3 {[%clk 0:53:52]} Qxg6
{[%clk 0:26:39]} 43. Rf5 {[%clk 0:54:19]} Qe6 {[%clk 0:24:22]} 44. h5 {[%clk
0:54:06]} Ke7 {[%clk 0:24:24]} 45. Rf1 {[%clk 0:52:16]} e4 {[%clk 0:24:14]} 0-1

[Event "DVM U20 2018"]
[Site "Osnabrück GER"]
[Date "2018.12.29"]
[Round "6"]
[White "Oberhofer, Cédric"]
[Black "Joeres, Stefan"]
[Result "1/2-1/2"]
[Termination "normal"]
[Board "4.1"]
[WhiteElo "2260"]
[BlackElo "2093"]
[WhiteClock "00:21:41"]
[BlackClock "00:45:24"]
[WhiteTeam "SC Bavaria Regensburg"]
[BlackTeam "Karlsruher SF"]
[PlyCount "42"]
[WhiteFideId "12941220"]
[BlackFideId "12983160"]
[EventCountry "GER"]
[EventRounds "7"]
[EventType "team-swiss"]
[EventDate "2018.12.26"]

1. d4 d5 {[%clk 1:31:24]} 2. c4 {[%clk 1:31:23]} e6 {[%clk 1:31:45]} 3. Nf3
{[%clk 1:32:09]} c6 {[%clk 1:31:49]} 4. g3 {[%clk 1:31:43]} dxc4 {[%clk
1:30:37]} 5. Bg2 {[%clk 1:27:47]} b5 {[%clk 1:30:31]} 6. Ne5 {[%clk 1:27:55]}
Bb7 {[%clk 1:30:24]} 7. O-O {[%clk 1:24:04]} Nf6 {[%clk 1:30:42]} 8. a4 a6
{[%clk 1:30:56]} 9. Nc3 {[%clk 1:24:27]} Qb6 {[%clk 1:28:47]} 10. e4 {[%clk
1:06:40]} Be7 {[%clk 1:20:25]} 11. d5 {[%clk 0:44:02]} b4 {[%clk 1:08:09]} 12.
dxe6 {[%clk 0:44:18]} fxe6 {[%clk 1:03:50]} 13. Ne2 {[%clk 0:43:53]} Qc5 {[%clk
0:58:22]} 14. Qd4 {[%clk 0:41:58]} O-O {[%clk 0:54:33]} 15. Be3 {[%clk
0:38:08]} Nbd7 {[%clk 0:54:47]} 16. Nxd7 {[%clk 0:38:09]} Qxd4 {[%clk 0:55:07]}
17. Nxd4 {[%clk 0:29:36]} Nxd7 {[%clk 0:51:25]} 18. Bh3 {[%clk 0:24:25]} Nc5
{[%clk 0:50:42]} 19. e5 {[%clk 0:21:35]} Nd3 {[%clk 0:46:48]} 20. Bxe6+ {[%clk
0:21:41]} Kh8 {[%clk 0:45:24]} 21. Bxc4 Nxe5 1/2-1/2

[Event "DVM U20 2018"]
[Site "Osnabrück GER"]
[Date "2018.12.29"]
[Round "6"]
[White "Koll, Lukas"]
[Black "Goldbeck, Lars"]
[Result "0-1"]
[Termination "normal"]
[Board "4.2"]
[WhiteElo "1993"]
[BlackElo "2172"]
[WhiteClock "00:55:32"]
[BlackClock "00:28:51"]
[WhiteTeam "Karlsruher SF"]
[BlackTeam "SC Bavaria Regensburg"]
[PlyCount "90"]
[WhiteFideId "12969737"]
[BlackFideId "16208188"]
[EventCountry "GER"]
[EventRounds "7"]
[EventType "team-swiss"]
[EventDate "2018.12.26"]

1. c4 {[%clk 1:30:58]} c5 {[%clk 1:30:51]} 2. g3 {[%clk 1:31:23]} Nc6 {[%clk
1:31:16]} 3. Bg2 {[%clk 1:31:50]} g6 {[%clk 1:31:38]} 4. Nc3 {[%clk 1:32:16]}
Bg7 {[%clk 1:32:04]} 5. d3 {[%clk 1:32:22]} e6 {[%clk 1:32:30]} 6. e4 {[%clk
1:32:40]} Nge7 {[%clk 1:32:53]} 7. Nge2 {[%clk 1:33:04]} d6 {[%clk 1:32:16]} 8.
Be3 {[%clk 1:33:16]} Nd4 {[%clk 1:32:21]} 9. O-O {[%clk 1:33:05]} O-O {[%clk
1:32:27]} 10. Rb1 {[%clk 1:32:42]} Nec6 {[%clk 1:21:24]} 11. f4 {[%clk
1:31:45]} Rb8 {[%clk 1:13:20]} 12. a4 {[%clk 1:27:28]} f5 {[%clk 1:11:32]} 13.
Kh1 {[%clk 1:27:32]} b6 {[%clk 1:02:07]} 14. Bf2 {[%clk 1:23:09]} Bb7 {[%clk
0:59:11]} 15. Nxd4 {[%clk 1:21:22]} cxd4 {[%clk 0:55:43]} 16. Ne2 {[%clk
1:21:19]} a5 {[%clk 0:53:30]} 17. h3 {[%clk 1:21:08]} e5 {[%clk 0:40:07]} 18.
fxe5 {[%clk 1:19:21]} dxe5 {[%clk 0:38:31]} 19. exf5 {[%clk 1:19:25]} gxf5
{[%clk 0:38:47]} 20. Qd2 {[%clk 1:17:49]} Qd7 {[%clk 0:31:25]} 21. Kh2 {[%clk
1:16:18]} Rbe8 {[%clk 0:30:23]} 22. Bg1 {[%clk 1:14:56]} Nb4 {[%clk 0:27:49]}
23. Bxb7 {[%clk 1:13:37]} Qxb7 {[%clk 0:28:18]} 24. Rbe1 {[%clk 1:13:11]} Qc6
{[%clk 0:26:42]} 25. b3 {[%clk 1:13:30]} Bh6 {[%clk 0:26:02]} 26. Qd1 {[%clk
1:13:29]} Qg6 {[%clk 0:25:54]} 27. Rf3 {[%clk 1:09:36]} Bg7 {[%clk 0:16:41]}
28. Ref1 {[%clk 1:07:10]} h5 {[%clk 0:16:22]} 29. R1f2 {[%clk 1:05:54]} Bh6
{[%clk 0:13:23]} 30. Rf1 {[%clk 1:04:34]} Re7 {[%clk 0:11:50]} 31. Nc1 {[%clk
0:55:50]} Rg7 {[%clk 0:07:41]} 32. Qe2 {[%clk 0:55:24]} Nc6 {[%clk 0:07:41]}
33. Qc2 {[%clk 0:52:11]} Kh7 {[%clk 0:04:14]} 34. c5 {[%clk 0:50:48]} Nb4
{[%clk 0:03:53]} 35. Qe2 {[%clk 0:51:07]} f4 {[%clk 0:02:39]} 36. Qxe5 {[%clk
0:50:33]} fxg3+ {[%clk 0:02:53]} 37. Kg2 {[%clk 0:50:36]} Rxf3 {[%clk 0:03:16]}
38. Rxf3 {[%clk 0:50:51]} Bxc1 {[%clk 0:03:10]} 39. Bxd4 {[%clk 0:50:39]} Bh6
{[%clk 0:01:40]} 40. cxb6 {[%clk 0:49:37]} Nxd3 {[%clk 0:01:18]} 41. Qe2 {[%clk
0:26:02]} Nf4+ {[%clk 0:28:24]} 42. Rxf4 {[%clk 0:57:20]} Bxf4 {[%clk 0:28:52]}
43. Bxg7 {[%clk 0:57:40]} Qc6+ {[%clk 0:27:57]} 44. Qf3 {[%clk 0:55:09]} Qxf3+
{[%clk 0:28:22]} 45. Kxf3 {[%clk 0:55:32]} Kxg7 {[%clk 0:28:51]} 0-1